[Event "IIFL Wealth 4th Mumbai GM"]
[Site "Mumbai"]
[Date "2019.01.04"]
[Round "6"]
[White "Aditya Mittal"]
[Black "Khusenkhojaev, Muhammad"]
[Result "1-0"]
[WhiteElo "2251"]
[BlackElo "2455"]
[Annotator "ChessBase"]
[PlyCount "99"]
[EventDate "2018.12.30"]
[EventType "swiss"]
[EventCountry "IND"]
[SourceTitle "playchess.com"]
[Source "ChessBase"]
[SourceQuality "1"]
[TimeControl "40/5400+30:1800+30"]

1. d4 Nf6 2. c4 g6 3. Nc3 d5 4. cxd5 Nxd5 5. Bd2 Bg7 6. e4 Nb6 7. Be3 O-O 8. Bb5 Be6 9. Nf3 Bg4 10. Qd2 Bxf3 11. gxf3 e5 12. d5 c6 13. dxc6 Qxd2+ 14. Kxd2 Nxc6 15. Bxc6 bxc6 16. Ke2 f5 17. Rac1 f4 18. Bxb6 axb6 19. Rhd1 b5 20. a3 Rfd8 21. Rxd8+ Rxd8 22. Na2 Rc8 23. Nb4 c5 24. Nd5 Kf7 25. b4 Bf8 26. Nb6 Rc7 27. a4 bxa4 28. Nxa4 c4 29. b5 Bd6 30. Nb6 c3 31. Nd5 Rc5 32. b6 c2 33. Kd3 Ke6 34. Rxc2 Rxc2 35. Kxc2 Kd7 36. Kb3 Kc6 37. Kc4 h5 38. Nf6 Be7 39. Ng8 Bh4 40. b7 Kxb7 41. Kd5 Bxf2 42. Nf6 Bd4 43. h3 Ka6 44. Ke6 Kb5 45. Kf7 Kc4 46. Kxg6 h4 47. Kg5 Bc5 48. Nd7 Be7+ 49. Kf5 Kd4 50. Nxe5 1-0

[Event "IIFL Wealth 4th Mumbai GM"]
[Site "Mumbai"]
[Date "2019.01.04"]
[Round "6"]
[White "Varga, Klara"]
[Black "Mosadeghpour, Masoud"]
[Result "0-1"]
[WhiteElo "2242"]
[BlackElo "2520"]
[Annotator "ChessBase"]
[PlyCount "140"]
[EventDate "2018.12.30"]
[EventType "swiss"]
[EventCountry "IND"]
[SourceTitle "playchess.com"]
[Source "ChessBase"]
[SourceQuality "1"]
[TimeControl "40/5400+30:1800+30"]

1. c4 {[%emt 0:00:00]} e5 {[%emt 0:00:12]} 2. Nc3 {[%emt 0:00:00]} Nf6 {[%emt 0:00:42]} 3. Nf3 {[%emt 0:00:00]} Nc6 {[%emt 0:00:33]} 4. e3 {[%emt 0:00:00]} Bb4 {[%emt 0:00:59]} 5. Qc2 {[%emt 0:00:02]} Bxc3 {[%emt 0:01:07]} 6. bxc3 {[%emt 0:00:03]} d6 {[%emt 0:01:05]} 7. e4 {[%emt 0:00:07]} O-O {[%emt 0:00:43]} 8. d3 {[%emt 0:00:03]} a6 {[%emt 0:00:24]} 9. Rb1 {[%emt 0:00:37]} Rb8 {[%emt 0:02:00]} 10. a4 {[%emt 0:00:11]} b6 {[%emt 0:03:08]} 11. g3 {[%emt 0:01:47]} Bd7 {[%emt 0:03:41]} 12. Bg2 {[%emt 0:01:45]} Na5 {[%emt 0:03:05]} 13. O-O {[%emt 0:00:29]} Qe8 {[%emt 0:00:31]} 14. Ra1 {[%emt 0:00:14]} Bc6 {[%emt 0:00:07]} 15. Nd2 {[%emt 0:05:17]} Nd7 {[%emt 0:08:31]} 16. d4 {[%emt 0:00:22]} Bb7 {[%emt 0:09:35]} 17. f4 {[%emt 0:04:21]} c5 18. fxe5 {[%emt 0:00:11]} dxe5 {[%emt 0:10:59]} 19. d5 {[%emt 0:00:30]} Qe7 {[%emt 0:02:41]} 20. Qd3 {[%emt 0:00:37]} Bc8 {[%emt 0:07:55]} 21. Nf3 {[%emt 0:01:13]} Nb3 {[%emt 0:03:27]} 22. Rb1 {[%emt 0:00:23]} Nxc1 {[%emt 0:00:07]} 23. Rbxc1 {[%emt 0:00:06]} Nf6 {[%emt 0:03:04]} 24. a5 {[%emt 0:12:02]} Bd7 {[%emt 0:09:13]} 25. axb6 {[%emt 0:00:29]} Rxb6 {[%emt 0:00:06]} 26. Rb1 {[%emt 0:03:03]} Rbb8 {[%emt 0:11:50]} 27. Ra1 {[%emt 0:01:26]} Rb6 {[%emt 0:04:05]} 28. Rfb1 {[%emt 0:00:13]} Rfb8 {[%emt 0:08:24]} 29. Rxb6 {[%emt 0:00:17]} Rxb6 {[%emt 0:00:01]} 30. Rb1 {[%emt 0:00:09]} Qd6 {[%emt 0:02:04]} 31. Rxb6 {[%emt 0:01:16]} Qxb6 {[%emt 0:00:01]} 32. Nxe5 {[%emt 0:06:18]} Qb2 {[%emt 0:02:22]} 33. d6 a5 34. Nxd7 {[%emt 0:06:21]} Nxd7 {[%emt 0:00:36]} 35. Bh3 {[%emt 0:00:23]} Qc1+ {[%emt 0:02:53]} 36. Kg2 {[%emt 0:03:08]} Qb2+ {[%emt 0:00:07]} 37. Kf1 {[%emt 0:01:16]} Qc1+ {[%emt 0:00:54]} 38. Ke2 {[%emt 0:00:24]} Qb2+ {[%emt 0:00:19]} 39. Qd2 {[%emt 0:00:30]} Qxd2+ {[%emt 0:00:41]} 40. Kxd2 {[%emt 0:00:00]} Ne5 {[%emt 0:00:00]} 41. Kc2 {[%emt 0:01:51]} Kf8 {[%emt 0:03:22]} 42. Kb3 {[%emt 0:00:58]} Ke8 {[%emt 0:01:29]} 43. Bf5 {[%emt 0:16:15]} g6 {[%emt 0:02:30]} 44. Bc8 {[%emt 0:00:35]} Kd8 {[%emt 0:00:21]} 45. Bh3 {[%emt 0:00:41]} h5 {[%emt 0:02:48]} 46. Ka4 {[%emt 0:03:11]} Nxc4 {[%emt 0:00:13]} 47. e5 {[%emt 0:00:36]} g5 {[%emt 0:12:58]} 48. e6 {[%emt 0:02:12]} f6 {[%emt 0:01:45]} 49. d7 {[%emt 0:01:30]} Ne3 {[%emt 0:01:34]} 50. e7+ {[%emt 0:03:10]} Kxe7 {[%emt 0:00:11]} 51. Be6 {[%emt 0:00:04]} Kd8 {[%emt 0:06:49]} 52. Kb5 {[%emt 0:05:44]} Nf1 {[%emt 0:01:30]} 53. Kxc5 {[%emt 0:02:18]} Kc7 {[%emt 0:02:11]} 54. Kd5 {[%emt 0:02:39]} Nxh2 {[%emt 0:00:21]} 55. Bf5 {[%emt 0:01:37]} a4 {[%emt 0:00:41]} 56. Ke6 {[%emt 0:00:25]} Kd8 {[%emt 0:00:03]} 57. Kxf6 {[%emt 0:01:13]} a3 {[%emt 0:01:00]} 58. Be6 {[%emt 0:00:31]} Nf3 {[%emt 0:00:11]} 59. Kf5 {[%emt 0:01:09]} h4 {[%emt 0:00:02]} 60. Kg4 {[%emt 0:03:02]} Ne5+ {[%emt 0:00:01]} 61. Kh3 {[%emt 0:00:14]} hxg3 {[%emt 0:01:32]} 62. Kxg3 {[%emt 0:00:03]} Ke7 {[%emt 0:00:11]} 63. Kh3 {[%emt 0:00:36]} Nxd7 {[%emt 0:00:07]} 64. Ba2 {[%emt 0:00:50]} Ne5 {[%emt 0:00:07]} 65. c4 {[%emt 0:02:18]} Kd6 {[%emt 0:00:38]} 66. Kg3 {[%emt 0:00:11]} Kc5 {[%emt 0:00:07]} 67. Kh3 {[%emt 0:00:15]} Kb4 {[%emt 0:00:19]} 68. Kg3 {[%emt 0:00:06]} Nxc4 {[%emt 0:00:14]} 69. Kg4 {[%emt 0:00:08]} Kc3 {[%emt 0:00:04]} 70. Kxg5 {[%emt 0:00:05]} Nd2 {[%emt 0:00:05]} 0-1

[Event "IIFL Wealth 4th Mumbai GM"]
[Site "Mumbai"]
[Date "2019.01.04"]
[Round "6"]
[White "Wagh Suyog"]
[Black "Deviatkin, Andrei"]
[Result "0-1"]
[WhiteElo "2240"]
[BlackElo "2464"]
[Annotator "ChessBase"]
[PlyCount "86"]
[EventDate "2018.12.30"]
[EventType "swiss"]
[EventCountry "IND"]
[SourceTitle "playchess.com"]
[Source "ChessBase"]
[SourceQuality "1"]
[TimeControl "40/5400+30:1800+30"]

1. d4 {[%emt 0:00:00]} Nf6 {[%emt 0:10:42]} 2. c4 {[%emt 0:00:38]} c5 {[%emt 0:02:52]} 3. d5 {[%emt 0:01:48]} g6 {[%emt 0:01:26]} 4. Nc3 {[%emt 0:03:28]} Bg7 {[%emt 0:00:05]} 5. g3 {[%emt 0:00:30]} d6 {[%emt 0:04:00]} 6. Bg2 {[%emt 0:00:42]} O-O {[%emt 0:01:20]} 7. Nf3 {[%emt 0:00:18]} e6 {[%emt 0:01:46]} 8. O-O {[%emt 0:00:39]} exd5 {[%emt 0:02:55]} 9. cxd5 {[%emt 0:00:37]} Re8 {[%emt 0:02:07]} 10. Nd2 {[%emt 0:07:45]} b6 {[%emt 0:17:19]} 11. a4 {[%emt 0:05:53]} Ba6 {[%emt 0:02:39]} 12. Nb5 {[%emt 0:02:30]} Nbd7 {[%emt 0:02:19]} 13. Nc4 {[%emt 0:12:13]} Bxb5 {[%emt 0:04:09]} 14. axb5 {[%emt 0:00:06]} Ne5 {[%emt 0:01:17]} 15. Qb3 {[%emt 0:11:13]} Nxc4 {[%emt 0:02:51]} 16. Qxc4 {[%emt 0:01:28]} Nd7 {[%emt 0:00:36]} 17. Ra6 {[%emt 0:07:48]} Qe7 {[%emt 0:06:16]} 18. e3 {[%emt 0:02:04]} Ne5 {[%emt 0:01:01]} 19. Qa4 {[%emt 0:08:08]} Nd3 {[%emt 0:07:34]} 20. Qb3 {[%emt 0:00:46]} Nb4 {[%emt 0:03:39]} 21. Ra1 {[%emt 0:00:08]} Qd7 {[%emt 0:00:11]} 22. Qc4 {[%emt 0:00:41]} a6 {[%emt 0:01:49]} 23. bxa6 {[%emt 0:02:21]} b5 {[%emt 0:00:07]} 24. Qb3 {[%emt 0:00:19]} Rxa6 {[%emt 0:01:05]} 25. Bd2 {[%emt 0:01:15]} Rea8 {[%emt 0:00:06]} 26. Rxa6 {[%emt 0:02:11]} Nxa6 {[%emt 0:00:06]} 27. Ra1 {[%emt 0:00:02]} c4 {[%emt 0:01:10]} 28. Qc2 {[%emt 0:00:14]} Qb7 {[%emt 0:00:45]} 29. e4 {[%emt 0:01:25]} Nc5 {[%emt 0:00:47]} 30. Rb1 {[%emt 0:01:13]} Ra2 {[%emt 0:01:13]} 31. Bc3 {[%emt 0:01:40]} Qb6 {[%emt 0:06:21]} 32. Bxg7 {[%emt 0:03:42]} Kxg7 {[%emt 0:00:05]} 33. Qc3+ {[%emt 0:04:41]} f6 {[%emt 0:00:19]} 34. Qd4 {[%emt 0:00:02]} Na4 {[%emt 0:03:08]} 35. Qxb6 {[%emt 0:00:05]} Nxb6 {[%emt 0:00:06]} 36. b3 {[%emt 0:00:00]} c3 {[%emt 0:00:17]} 37. b4 {[%emt 0:00:03]} Rb2 {[%emt 0:01:10]} 38. Rc1 {[%emt 0:00:16]} Na4 {[%emt 0:00:07]} 39. Kf1 {[%emt 0:00:17]} Rxb4 {[%emt 0:00:26]} 40. Ke2 {[%emt 0:00:00]} Rc4 {[%emt 0:00:00]} 41. f3 {[%emt 0:02:55]} b4 {[%emt 0:04:27]} 42. Kd3 {[%emt 0:00:05]} b3 {[%emt 0:01:19]} 43. Kxc4 {[%emt 0:00:17]} b2 {[%emt 0:00:04]} 0-1

[Event "IIFL Wealth 4th Mumbai GM"]
[Site "Mumbai"]
[Date "2019.01.04"]
[Round "6"]
[White "Prraneeth Vuppala"]
[Black "Ghelani Dhairya"]
[Result "1-0"]
[WhiteElo "2228"]
[BlackElo "2146"]
[Annotator "NA"]
[PlyCount "145"]
[EventDate "2018.12.30"]
[EventType "swiss"]
[EventCountry "IND"]
[SourceTitle "playchess.com"]
[Source "ChessBase"]
[SourceQuality "1"]
[TimeControl "40/5400+30:1800+30"]

1. d4 {[%emt 0:00:00]} Nf6 {[%emt 0:00:00]} 2. c4 {[%emt 0:00:00]} e5 {[%emt 0:00:00]} 3. dxe5 {[%emt 0:00:00]} Ng4 {[%emt 0:00:00]} 4. Bf4 {[%emt 0:00:04]} g5 {[%emt 0:00:00]} 5. Bg3 {[%emt 0:01:35]} Nc6 {[%emt 0:00:04]} 6. Nf3 {[%emt 0:02:35]} Bg7 {[%emt 0:00:39]} 7. Nc3 {[%emt 0:08:46]} Ngxe5 {[%emt 0:01:01]} 8. Nxe5 {[%emt 0:00:04]} Nxe5 {[%emt 0:00:08]} 9. c5 {[%emt 0:03:24]} Qe7 {[%emt 0:11:02]} 10. Qd5 {[%emt 0:05:32]} O-O {[%emt 0:13:12]} 11. Nb5 {[%emt 0:21:48]} c6 {[%emt 0:14:14]} 12. Qd6 {[%emt 0:00:02]} Qxd6 {[%emt 0:00:36]} 13. Nxd6 {[%emt 0:00:05]} f5 {[%emt 0:00:09]} 14. f3 {[%emt 0:18:34]} b6 {[%emt 0:01:30]} 15. Bf2 {[%emt 0:01:42]} Ba6 {[%emt 0:01:54]} 16. O-O-O {[%emt 0:05:11]} Bc4 {[%emt 0:13:09]} 17. Nxc4 {[%emt 0:15:48]} Nxc4 {[%emt 0:00:01]} 18. b3 {[%emt 0:02:06]} Ne5 {[%emt 0:00:23]} 19. h4 {[%emt 0:00:04]} h6 {[%emt 0:05:09]} 20. hxg5 {[%emt 0:03:42]} hxg5 {[%emt 0:00:09]} 21. Bd4 {[%emt 0:00:17]} Rf7 {[%emt 0:03:12]} 22. e4 {[%emt 0:00:39]} b5 {[%emt 0:00:52]} 23. Bxe5 {[%emt 0:03:15]} Bxe5 {[%emt 0:00:02]} 24. exf5 {[%emt 0:00:08]} Rxf5 {[%emt 0:00:30]} 25. Rxd7 {[%emt 0:00:51]} Bg7 {[%emt 0:00:00]} 26. b4 {[%emt 0:00:52]} a5 {[%emt 0:00:01]} 27. Bd3 {[%emt 0:01:31]} Rf7 {[%emt 0:00:15]} 28. Rd6 {[%emt 0:01:11]} axb4 {[%emt 0:00:15]} 29. Bh7+ {[%emt 0:01:53]} Kf8 {[%emt 0:00:15]} 30. Bb1 {[%emt 0:02:19]} Rf6 {[%emt 0:00:46]} 31. Rhd1 {[%emt 0:00:25]} Rf4 {[%emt 0:00:53]} 32. Rxc6 {[%emt 0:00:49]} Rc4+ {[%emt 0:00:16]} 33. Kd2 {[%emt 0:00:12]} Bc3+ {[%emt 0:01:10]} 34. Ke2 {[%emt 0:00:31]} Re8+ {[%emt 0:00:40]} 35. Kf1 {[%emt 0:00:13]} Bd4 {[%emt 0:00:06]} 36. Bd3 {[%emt 0:00:43]} Rxc5 {[%emt 0:00:12]} 37. Rxc5 {[%emt 0:00:26]} Bxc5 {[%emt 0:00:01]} 38. Bxb5 {[%emt 0:00:01]} Re5 {[%emt 0:00:22]} 39. Bc4 {[%emt 0:00:21]} Ke7 {[%emt 0:00:14]} 40. g3 {[%emt 0:00:00]} Bd6 {[%emt 0:00:00]} 41. Kg2 {[%emt 0:04:57]} Re3 {[%emt 0:03:14]} 42. Rf1 {[%emt 0:01:33]} Kf6 {[%emt 0:06:28]} 43. Rd1 {[%emt 0:01:06]} Ke7 {[%emt 0:00:37]} 44. Rh1 {[%emt 0:00:10]} Kd8 {[%emt 0:03:34]} 45. Rh7 {[%emt 0:03:06]} Be7 {[%emt 0:00:20]} 46. Rf7 {[%emt 0:00:10]} Rc3 {[%emt 0:01:46]} 47. Bb3 {[%emt 0:00:11]} Rd3 {[%emt 0:00:11]} 48. Kh3 {[%emt 0:02:26]} Rd4 {[%emt 0:01:45]} 49. Rf5 {[%emt 0:00:04]} Kd7 {[%emt 0:01:50]} 50. Ra5 {[%emt 0:00:40]} Ke8 {[%emt 0:01:19]} 51. Bc2 Kf8 {[%emt 0:01:18]} 52. Be4 {[%emt 0:01:33]} Rd2 {[%emt 0:03:37]} 53. Kg4 {[%emt 0:00:28]} Kg7 {[%emt 0:01:42]} 54. Kf5 {[%emt 0:03:42]} Kf7 {[%emt 0:04:18]} 55. Bd5+ {[%emt 0:00:36]} Ke8 {[%emt 0:01:25]} 56. Ke6 {[%emt 0:00:33]} Re2+ {[%emt 0:00:06]} 57. Be4 {[%emt 0:00:04]} Rd2 {[%emt 0:00:06]} 58. f4 {[%emt 0:02:16]} gxf4 {[%emt 0:00:32]} 59. gxf4 {[%emt 0:00:02]} Rd6+ {[%emt 0:00:22]} 60. Ke5 {[%emt 0:00:13]} Rb6 {[%emt 0:00:17]} 61. Ra8+ {[%emt 0:03:58]} Bd8 {[%emt 0:00:22]} 62. f5 {[%emt 0:00:54]} Ke7 {[%emt 0:03:45]} 63. Ra7+ {[%emt 0:03:17]} Ke8 {[%emt 0:00:01]} 64. Bd5 {[%emt 0:02:50]} Bf6+ {[%emt 0:00:37]} 65. Ke4 {[%emt 0:01:03]} Bc3 {[%emt 0:01:49]} 66. Rc7 {[%emt 0:01:31]} Rh6 {[%emt 0:00:34]} 67. a4 {[%emt 0:01:08]} Rh4+ {[%emt 0:00:48]} 68. Ke3 {[%emt 0:00:38]} Kd8 {[%emt 0:02:19]} 69. Rb7 {[%emt 0:01:27]} Kc8 {[%emt 0:01:00]} 70. Rb5 {[%emt 0:01:37]} Rh6 {[%emt 0:01:47]} 71. a5 {[%emt 0:01:57]} Rd6 {[%emt 0:01:39]} 72. a6 {[%emt 0:00:46]} b3 {[%emt 0:00:54]} 73. a7 {[%emt 0:00:11]} 1-0

[Event "IIFL Wealth 4th Mumbai GM"]
[Site "Mumbai"]
[Date "2019.01.04"]
[Round "6"]
[White "Bhambure, Shantanu"]
[Black "Akash G"]
[Result "1-0"]
[WhiteElo "2223"]
[BlackElo "2443"]
[Annotator "NA"]
[PlyCount "97"]
[EventDate "2018.12.30"]
[EventType "swiss"]
[EventCountry "IND"]
[SourceTitle "playchess.com"]
[Source "ChessBase"]
[SourceQuality "1"]
[TimeControl "40/5400+30:1800+30"]

1. d4 {[%emt 0:00:00]} Nf6 {[%emt 0:00:00]} 2. c4 {[%emt 0:00:00]} g6 {[%emt 0:00:05]} 3. Nc3 {[%emt 0:00:02]} Bg7 {[%emt 0:00:08]} 4. e4 {[%emt 0:00:06]} d6 {[%emt 0:00:12]} 5. f3 {[%emt 0:00:29]} O-O {[%emt 0:00:11]} 6. Nge2 {[%emt 0:00:07]} c5 {[%emt 0:00:54]} 7. d5 {[%emt 0:00:29]} e6 {[%emt 0:00:37]} 8. Ng3 {[%emt 0:00:26]} exd5 {[%emt 0:02:42]} 9. cxd5 {[%emt 0:00:07]} a6 {[%emt 0:01:08]} 10. a4 {[%emt 0:00:15]} Nbd7 {[%emt 0:01:23]} 11. Be2 {[%emt 0:01:28]} h5 {[%emt 0:01:20]} 12. Bg5 {[%emt 0:01:25]} Qe8 {[%emt 0:01:10]} 13. Qd2 {[%emt 0:03:19]} Nh7 {[%emt 0:01:24]} 14. Bh6 {[%emt 0:02:13]} Ne5 {[%emt 0:03:51]} 15. Bxg7 {[%emt 0:01:15]} Kxg7 {[%emt 0:00:10]} 16. O-O {[%emt 0:02:54]} h4 {[%emt 0:05:10]} 17. Nh1 {[%emt 0:00:09]} f5 {[%emt 0:01:21]} 18. exf5 {[%emt 0:01:24]} Bxf5 {[%emt 0:02:29]} 19. Rae1 {[%emt 0:11:44]} Qd7 {[%emt 0:04:48]} 20. f4 {[%emt 0:08:16]} Nf7 {[%emt 0:06:00]} 21. Nf2 {[%emt 0:00:23]} Nf6 {[%emt 0:01:22]} 22. Bc4 {[%emt 0:11:53]} Rfe8 {[%emt 0:05:18]} 23. Rxe8 {[%emt 0:04:53]} Rxe8 {[%emt 0:02:23]} 24. Re1 {[%emt 0:00:53]} Rxe1+ {[%emt 0:18:06]} 25. Qxe1 {[%emt 0:00:04]} h3 {[%emt 0:00:59]} 26. g3 {[%emt 0:02:13]} g5 {[%emt 0:00:29]} 27. fxg5 {[%emt 0:06:44]} Nxg5 {[%emt 0:00:49]} 28. Qe3 {[%emt 0:00:49]} Nf7 {[%emt 0:02:24]} 29. Be2 {[%emt 0:03:43]} Ne5 {[%emt 0:07:04]} 30. Qf4 {[%emt 0:09:51]} Bg6 {[%emt 0:04:37]} 31. g4 {[%emt 0:06:28]} b5 {[%emt 0:09:49]} 32. axb5 {[%emt 0:04:53]} axb5 {[%emt 0:00:06]} 33. Bxb5 {[%emt 0:08:10]} Qb7 {[%emt 0:01:52]} 34. Nxh3 {[%emt 0:01:06]} Nxd5 {[%emt 0:01:12]} 35. Nxd5 {[%emt 0:00:43]} Qxd5 {[%emt 0:00:04]} 36. Be2 {[%emt 0:00:47]} c4 {[%emt 0:08:35]} 37. Qe3 {[%emt 0:03:40]} Qa5 {[%emt 0:02:16]} 38. Qc3 {[%emt 0:03:01]} Qa1+ {[%emt 0:01:11]} 39. Kf2 {[%emt 0:01:10]} Qa7+ {[%emt 0:03:40]} 40. Qe3 {[%emt 0:00:00]} Qb7 {[%emt 0:00:00]} 41. Qd4 {[%emt 0:12:02]} Qh1 {[%emt 0:11:03]} 42. Kg3 {[%emt 0:03:21]} Bd3 {[%emt 0:08:38]} 43. Qf2 {[%emt 0:03:14]} Bxe2 {[%emt 0:08:40]} 44. Qxe2 {[%emt 0:00:06]} Qb1 {[%emt 0:00:12]} 45. Nf4 {[%emt 0:02:49]} Qg1+ {[%emt 0:00:29]} 46. Ng2 {[%emt 0:01:58]} Qd4 {[%emt 0:00:38]} 47. Ne3 {[%emt 0:02:14]} Kf8 {[%emt 0:02:03]} 48. Nf5 {[%emt 0:04:19]} d5 {[%emt 0:02:24]} 49. Nxd4 {[%emt 0:00:19]} 1-0

[Event "IIFL Wealth 4th Mumbai GM"]
[Site "Mumbai"]
[Date "2019.01.04"]
[Round "6"]
[White "Kurbonboeva, Sarvinoz"]
[Black "Kulkarni, Vikramaditya"]
[Result "0-1"]
[WhiteElo "2214"]
[BlackElo "2345"]
[Annotator "NA"]
[PlyCount "85"]
[EventDate "2018.12.30"]
[EventType "swiss"]
[EventCountry "IND"]
[SourceTitle "playchess.com"]
[Source "ChessBase"]
[SourceQuality "1"]
[TimeControl "40/5400+30:1800+30"]

1. d4 {[%emt 0:00:00]} e6 {[%emt 0:00:43]} 2. Nf3 {[%emt 0:01:49]} d5 {[%emt 0:02:55]} 3. g3 {[%emt 0:00:27]} c6 {[%emt 0:00:49]} 4. Bg2 {[%emt 0:00:12]} Bd6 {[%emt 0:00:20]} 5. O-O {[%emt 0:00:44]} f5 {[%emt 0:00:42]} 6. c4 {[%emt 0:00:46]} Nf6 {[%emt 0:00:18]} 7. Qc2 {[%emt 0:00:50]} O-O {[%emt 0:00:27]} 8. Nc3 {[%emt 0:00:05]} Qe7 {[%emt 0:03:01]} 9. Bg5 {[%emt 0:01:04]} Qe8 {[%emt 0:00:35]} 10. Rab1 {[%emt 0:02:55]} Qh5 {[%emt 0:11:15]} 11. c5 {[%emt 0:12:11]} Bc7 {[%emt 0:00:33]} 12. b4 {[%emt 0:00:41]} Bd7 {[%emt 0:04:16]} 13. Bf4 {[%emt 0:03:45]} Bxf4 {[%emt 0:00:27]} 14. gxf4 {[%emt 0:00:06]} Ne4 {[%emt 0:00:24]} 15. Rb3 {[%emt 0:17:06]} Rf6 {[%emt 0:41:23]} 16. Ne5 {[%emt 0:02:35]} Rh6 {[%emt 0:01:55]} 17. h3 {[%emt 0:00:27]} Nxc3 {[%emt 0:05:22]} 18. Rxc3 {[%emt 0:11:08]} Be8 {[%emt 0:00:31]} 19. a4 {[%emt 0:06:25]} Nd7 {[%emt 0:00:33]} 20. Nxd7 {[%emt 0:00:05]} Bxd7 {[%emt 0:00:07]} 21. Rb1 {[%emt 0:00:03]} a6 {[%emt 0:00:37]} 22. Rg3 {[%emt 0:00:16]} Kh8 {[%emt 0:02:54]} 23. Qd2 {[%emt 0:00:33]} Rg8 {[%emt 0:00:59]} 24. Qe3 {[%emt 0:00:21]} Qf7 {[%emt 0:04:50]} 25. Qe5 {[%emt 0:03:03]} Be8 {[%emt 0:03:45]} 26. e3 {[%emt 0:03:25]} Rh4 {[%emt 0:00:56]} 27. Kh2 {[%emt 0:00:56]} h6 {[%emt 0:02:12]} 28. Bf3 {[%emt 0:11:52]} Kh7 {[%emt 0:01:33]} 29. Rbg1 {[%emt 0:00:07]} g6 {[%emt 0:01:45]} 30. Be2 {[%emt 0:01:36]} Qe7 {[%emt 0:01:11]} 31. Bd3 {[%emt 0:00:48]} Rg7 {[%emt 0:00:39]} 32. f3 {[%emt 0:03:57]} g5 {[%emt 0:04:06]} 33. fxg5 {[%emt 0:00:53]} hxg5 {[%emt 0:00:07]} 34. e4 {[%emt 0:00:38]} Kh6 {[%emt 0:04:02]} 35. Rxg5 {[%emt 0:09:24]} Rxg5 {[%emt 0:00:12]} 36. Qh8+ {[%emt 0:00:03]} Qh7 {[%emt 0:00:09]} 37. Qxh7+ {[%emt 0:01:06]} Kxh7 {[%emt 0:00:02]} 38. Rxg5 {[%emt 0:00:05]} Kh6 {[%emt 0:01:07]} 39. Rg8 {[%emt 0:01:32]} fxe4 {[%emt 0:00:06]} 40. Kg3 {[%emt 0:00:00]} exd3 {[%emt 0:00:00]} 41. Rxe8 {[%emt 0:18:39]} d2 {[%emt 0:00:44]} 42. Rh8+ {[%emt 0:00:23]} Kg7 {[%emt 0:01:00]} 43. Rh7+ {[%emt 0:00:13] Rh6 Rxh6 d1=Q [%clk 0:31:47] Rh4 [%clk 0:18:42] Kf7 [%clk 0:31:43] Rf4+ [%clk 0:18:52] Ke7 [%clk 0:31:53] h4 [%clk 0:18:03] e5 [%clk 0:31:08] dxe5 [%clk 0:18:10] d4 [%clk 0:30:50]} 0-1

[Event "IIFL Wealth 4th Mumbai GM"]
[Site "Mumbai"]
[Date "2019.01.04"]
[Round "6"]
[White "Srija, Seshadri"]
[Black "Saptarshi, Roy"]
[Result "0-1"]
[WhiteElo "2210"]
[BlackElo "2494"]
[Annotator "TA"]
[PlyCount "102"]
[EventDate "2018.12.30"]
[EventType "swiss"]
[EventCountry "IND"]
[SourceTitle "playchess.com"]
[Source "ChessBase"]
[SourceQuality "1"]

{[%evp 18,102,34,16,50,42,156,0,0,-19,-2,-44,-42,-48,-49,-44,-33,-491,-527,-675,-669,-672,-600,-579,-512,-511,-500,-459,-379,-365,-299,-290,-288,-294,-289,-295,-246,-246,-224,-352,-336,-340,-277,-260,-248,-238,-221,-230,-212,-228,-211,-207,-211,-247,-239,-228,-223,-260,-258,-272,-277,-282,-275,-281,-277,-304,-295,-293,-294,-661,-656,-658,-560,-711,-734,-887,-859,-1154,-1112,-2396,-2345,-2273,-2058,-29972,-29973,-29942,-8277]} 1. e4 d5 2. exd5 Qxd5 3. Nc3 Qa5 4. d4 Nf6 5. Nf3 c6 6. Bc4 Bf5 7. Bd2 Qc7 8. Qe2 e6 9. O-O-O Nbd7 {[%cal Bb8d7,Bd7b6,Bb6d5,Bd5f4,Bf4e2][%mdl 32]} 10. Ne5 {LiveBook: 23 Games. B01: Scandinavian Defence} (10. Nh4 Bg6 11. g3 Bb4 12. Nxg6 hxg6 13. a3 Bxc3 14. Bxc3 Nd5 15. Bd2 N7f6 16. h4 b5 17. Ba2 a5 18. Bg5 Qd6 {1-0 (33) Mosadeghpour,M (2535)-Tahbaz,A (2455) Bushehr 2018}) 10... Nb6 11. Bb3 O-O-O ({Black should try} 11... h5 $14) 12. Bf4 $2 (12. g4 $16 Bg6 13. Bf4) 12... Bd6 $1 $11 13. Bg3 Nbd5 14. Na4 (14. Bxd5 $5 exd5 15. Qf3 $11) 14... Ne4 15. Nc5 Bxc5 (15... Nxc5 $6 16. dxc5 Bxe5 17. Bxe5 $16) 16. dxc5 Qe7 {Threatens to win with ...Qg5+.} ({Don't play} 16... Nxc5 $6 17. Bxd5 (17. Ng6 Nxb3+ 18. axb3 Qa5 $11) 17... cxd5 {[#]} 18. Ng6 $1 $16 {[%mdl 512]}) 17. Ba4 $146 {[%mdl 8192]} (17. Bxd5 $15 Rxd5 18. Rxd5 exd5 19. Nd3) ({Predecessor:} 17. Bxd5 Nxg3 18. hxg3 exd5 {0-1 (35) Leignel,N (2115)-Flinois,P (1940) Bethune 2001}) 17... Qg5+ $19 18. f4 Nxf4 19. Qf3 Ne2+ {[%mdl 64] [#] Discovered Attack (Double check)} 20. Kb1 Nd2+ ({Less strong is} 20... N4xg3 21. hxg3 Be4 22. Qxe4 $17) 21. Rxd2 Qxd2 22. a3 Nd4 23. Qf2 Qxf2 24. Bxf2 Bg6 25. Nc4 Rd5 26. b4 Rhd8 27. Kb2 f6 28. Rd1 (28. Nd6+ $142 R8xd6 29. cxd6) 28... Nf5 29. Re1 e5 30. g4 Nd4 31. Nd6+ R5xd6 32. cxd6 Rxd6 33. Rd1 a6 34. c3 Nb5 35. Bc5 Rxd1 36. Bxd1 {[%mdl 4096] Endgame KBB-KBN} Nc7 37. Bb3 Kd7 38. Bf8 Ne8 39. Kc1 h5 40. gxh5 Bxh5 41. Kd2 g5 42. Bc2 Nd6 43. Bxd6 $2 (43. a4) 43... Kxd6 {KB-KB} 44. Bf5 Be8 45. c4 c5 46. Ke3 b6 {[%cal Bb7b6,Bb6a5][%mdl 32]} 47. Bc8 a5 48. bxa5 bxa5 49. Bf5 Bd7 50. Bc2 f5 51. Bd1 e4 {Accuracy: White = 36%, Black = 70%.} 0-1